Entry Nombre personal
001 - NÚMERO DE CONTROL
- campo de control: 236668
003 - IDENTIFICADOR DE NÚMERO DE CONTROL
- campo de control: SpMaBN
005 - FECHA Y HORA DE LA ÚLTIMA TRANSACCIÓN
- campo de control: 20240524165022.0
008 - ELEMENTOS DE DATO DE LONGITUD-FIJA
- campo de control de longitud fija: 040416n| aijnnaabn a aaa ||
016 ## - NÚMERO DE CONTROL DE UNA AGENCIA BIBLIOGRÁFICA NACIONAL
- Número de control del registro: BNE20040874863
024 7# - IDENTIFICADOR DE OTROS ESTÁNDARES
- Número estándar o código: http://viaf.org/viaf/172781393/
- Fuente: viaf
040 ## - FUENTE DE CATALOGACIÓN
- Centro catalogador/agencia de origen: SpMaBN
- Lengua de catalogación: spa
- Centro/agencia transcriptor: SpMaBN
- Normas de descripción: rdc
- Convención/Normas de encabezamiento de materia/tesauro: embne
100 1# - ENCABEZAMIENTO-NOMBRE DE PERSONA
- Nombre de persona: Alonso Puig, José María
375 ## - GÉNERO/SEXO
- Género: Masculino
400 ## - TRAZADO DE VÉASE--NOMBRE DE PERSONA
- Nombre de persona: Alonso, José María
- Forma completa/desarrollada del nombre: (Alonso Puig)
670 ## - FUENTE DE DATOS ENCONTRADOS
- Cita de la fuente: La nueva Ley del arbitraje, 2004
- Información encontrada: v. port. (José María Alonso Puig)
670 ## - FUENTE DE DATOS ENCONTRADOS
- Cita de la fuente: Arbitraje: comentarios prácticos para la empresa, 2011
- Información encontrada: port. (autores, José María Alonso ... [et al.])
670 ## - FUENTE DE DATOS ENCONTRADOS
- Cita de la fuente: WWW Centro Iberoamericano de Arbitraje, 23-06-2020
- Información encontrada: (José María Alonso, nuevo Decano del Colegio de Abogados de Madrid)
- Identificador Uniforme de Recursos: http://centroiberoamericanodearbitraje.org/jose-maria-alonso-n uevo-decano-del-colegio-de-abogados-de-madrid/
